000 00660nam a2200241 a 4500
001 0000579
003 DO-SdBNP
005 20180222144058.0
007 0000579
008 140711s 1970 xxu a 000 0 spa d
020 _a030851203
020 _a030851211
040 _aBPMSU
_bspa
_cBPMSU
100 1 _aWondriska, William
245 1 0 _aAll the animals were angry /
_cWilliam Wondriska
260 _aNew York :
_bHolt, Rinehart and Winston,
_c1970.
300 _a34 p. ;
_bil.
_c21 cm.
650 4 _aPOESÍA ÉPICA GRIEGA
650 4 _aLITERATURA GRIEGA
942 _2ddc
_cBK
945 _aInventariado, 2018 /LP
956 _aYLOCKWARD
_b10
_lBND01
_h1027
999 _c11061
_d11061